000 00250nam a2200109Ia 4500
008 220204s9999 xx 000 0 und d
082 _a82-3
_bKIN
100 _aKing, Stephen
245 0 _aDanse macabre
260 _aLondon
_bFutura
_c1982
942 _cBK
999 _c37747
_d37747